THERAPEUTIC EXERCISE FOUNDATIONS AND TECHNIQUES (Record no. 8184)

MARC details
000 -LEADER
fixed length control field 00496nam a22001817a 4500
005 - DATE AND TIME OF LATEST TRANSACTION
control field 20230111115951.0
008 - FIXED-LENGTH DATA ELEMENTS--GENERAL INFORMATION
fixed length control field 221221b |||||||| |||| 00| 0 eng d
020 ## - INTERNATIONAL STANDARD BOOK NUMBER
ISBN 978-93527031
041 ## - LANGUAGE CODE
Language code of text/sound track or separate title eng
082 ## - DEWEY DECIMAL CLASSIFICATION NUMBER
Classification number 615.8 KIS-T
100 ## - MAIN ENTRY--AUTHOR NAME
Personal name KISNER , CAROLYN ., COLBYLYNN ALLEN AND OTHERS
245 ## - TITLE STATEMENT
Title THERAPEUTIC EXERCISE FOUNDATIONS AND TECHNIQUES
250 ## - EDITION STATEMENT
Edition statement 7th ed.
260 ## - PUBLICATION, DISTRIBUTION, ETC. (IMPRINT)
Place of publication NEW DELHI
Name of publisher JAYPEE BROTHERS
Year of publication 2019
300 ## - PHYSICAL DESCRIPTION
Number of Pages 1081;P.
650 ## - SUBJECT ADDED ENTRY--TOPICAL TERM
Topical Term BPT
942 ## - ADDED ENTRY ELEMENTS (KOHA)
Koha item type Books
Holdings
Lost status Damaged status Collection code Home library Current library Shelving location Date acquired Source of acquisition Cost, normal purchase price Full call number Accession Number Koha item type
    Reference JRU Library JRU Library SHELF-8-A 19/11/2022 LOHIA BOOK INTERNATIONAL 1995.00 615.8-KIS-T 27272 Books
    PHYSIOTHERAPY JRU Library JRU Library SHELF-20-C 19/11/2022 LOHIA BOOK INTERNATIONAL 1995.00 615.8-KIS-T 27273 Books
    PHYSIOTHERAPY JRU Library JRU Library SHELF-20-C 19/11/2022 LOHIA BOOK INTERNATIONAL 1995.00 615.8-KIS-T 27274 Books
    PHYSIOTHERAPY JRU Library JRU Library Shelf - 26- B 05/08/2023 PURCHASE 9323.60 615.8 KIS-T 27887 Books